000 01230nam a2200313 i 4500
003 EG-GICUC
005 20260121101530.0
008 251221s1966 ua ||||fr|||| 00| 0 ara d
040 _a EG-GICUC
_bara
_c EG-GICUC
_d EG-GICUC
_erda
041 0 _aara
082 0 4 _221
_a345.43
_bح س . ن
092 0 4 _221
099 _aLaw1 07 345.43 ح س . ن 1 ed - 1966
100 0 _aحسن الفكهاني
_eمؤلف.
245 1 0 _aنظام العاملين بالقطاع العام :
_bالقرار الجمهوري ٣٣٠٩ لسنة ١٩٦٦) -تشريع – فقه – قضاء - فتاوى /
_cحسن الفكهاني.
250 _aالطبعة الأولى
264 1 _aالقاهرة :
_b[دون دار نشر]،
_c1966.
300 _aترقيمات متععدة؛
_c24 سم.
336 _2rda content
_atext
337 _2rda media
_aComputer
338 _2rda carrier
_aOnline Resource
504 _aيشتمل على إرجاعات ببليوجرافية.
546 _aالنص باللغة العربية
650 1 4 _aحقوق الموظف العام
650 1 4 _aالقانون الإداري
856 4 0 _uhttps://fll.law.cu.edu.eg/fulltext/bks/B07-01225.pdf
905 _a32
_eYara
942 _2ddc
_cBK
_e21
_n0
999 _c52060
_d52060